00421nam a22001577a 4500020001800000082001700018100002200035245008100057250001200138260003900150300001000189504002000199563000700219650002300226650001400249 a9780470686348 a550.223bLIS aLisle, Richard J. aBasic geological mapping /cRichard J. Lisle, Peter Brabham, John W. Barnes. a5th ed. aOxford:bJohn Wiley & Sons;c2011. a217 p aKazakh Language aPB aGeological mapping aFieldwork